000 00594nam a2200229Ia 4500
001 7431
003 15098
005 20250312062554.0
008 ||||||n9999 ||| || ||
041 _aspa
082 _219
_a354
100 _aGarcia Zamor, Jean Claude
_911802
245 0 _aLa administracion publica en Haiti
260 _aEstados Unidos :
_bOrganización de los Estados Americanos,
_c1966.
300 _a186p
562 _e1
650 0 _aBOGOTÁ (COLOMBIA)--ADMINISTRACIÓN PÚBLICA
_91503
650 _aHAITÍ
_94462
942 _cBKM
999 _c7431
_d7431
526 _a51868
526 _a1697